Отработанное ядерное топливо как перспективный объект для извлечения металлов платиновой группы; Радиоактивность и радиоактивные элементы в среде обитания человека

Podrobná bibliografie
Parent link:Радиоактивность и радиоактивные элементы в среде обитания человека.— 2009.— С. 619-622
Hlavní autor: Усманова Т. В. Татьяна Вячеславовна
Jazyk:ruština
Vydáno: 2009
Témata:
Médium: Kapitola
KOHA link:https://koha.lib.tpu.ru/cgi-bin/koha/opac-detail.pl?biblionumber=175530

MARC

LEADER 00000naa2a2200000 4500
001 175530
005 20231031165118.0
035 |a (RuTPU)RU\TPU\book\190319 
090 |a 175530 
100 |a 20100215d2009 k y0rusy50 ca 
101 0 |a rus 
102 |a RU 
200 1 |a Отработанное ядерное топливо как перспективный объект для извлечения металлов платиновой группы  |f Т. В. Усманова 
320 |a Библиогр.: 22 назв. 
463 0 |0 (RuTPU)RU\TPU\book\187178  |y 5-93629-358-0  |t Радиоактивность и радиоактивные элементы в среде обитания человека  |o материалы III Международной конференции, 23-27 июня 2009 г. г. Томск   |f Томский политехнический университет (ТПУ); Российская академия наук (РАН), Сибирское отделение (СО), Институт геологии и минералогии ; Томская область, Администрация; под ред. Л. П. Рихванова  |v С. 619-622  |d 2009  |p 754 с. 
610 1 |a отработанное ядерное топливо 
610 1 |a металлы 
610 1 |a извлечение 
610 1 |a отходы 
610 1 |a продукты деления 
610 1 |a реакторы 
610 1 |a платиновые металлы 
610 1 |a техногенные месторождения 
610 1 |a труды учёных ТПУ 
700 1 |a Усманова  |b Т. В.  |c старший преподаватель  |c кафедра геоэкологии и геохимии Томского политехнического университета  |g Татьяна Вячеславовна  |2 stltpush  |3 (RuTPU)RU\TPU\pers\25745 
801 1 |a RU  |b 63413507  |c 20100215 
801 2 |a RU  |b 63413507  |c 20111226  |g RCR 
942 |c BK